[Event "XXI Festival A"]
[Site "Porto San Giorgio ITA"]
[Date "2009.08.23"]
[Round "3"]
[White "Movsziszian, Karen"]
[Black "Tomescu, Vlad"]
[Result "1-0"]
[WhiteElo "2570"]
[BlackElo "2422"]
[PlyCount "103"]
[EventDate "2009.08.21"]

1. g3 g6 2. Bg2 Bg7 3. f4 c5 4. Nf3 Nc6 5. d3 d5 6. O-O Nf6 7. Nc3 O-O 8. e4 d4
9. Ne2 Rb8 10. h3 e5 11. g4 exf4 12. Bxf4 Ra8 13. Qd2 Nd7 14. Bd6 Re8 15. Rf2
Nce5 16. Qf4 Qf6 17. Qxf6 Bxf6 18. b4 b6 19. bxc5 bxc5 20. Rb1 Re6 21. Bc7 Rc6
22. Ba5 Ra6 23. Rb5 Rb8 24. Rxb8 Nxb8 25. Bc7 Nbd7 26. Nc1 Nxf3+ 27. Rxf3 Bg5
28. Rf1 Bb7 29. e5 Bxg2 30. Kxg2 Bxc1 31. Rxc1 Rxa2 32. Kf3 a5 33. Ke4 a4 34.
c3 Re2+ 35. Kd5 a3 36. cxd4 a2 37. Kc6 Nf8 38. d5 c4 39. dxc4 Rc2 40. Ra1 Rxc4+
41. Kd6 Rc2 42. Bb6 Re2 43. g5 Kg7 44. Bd8 Rd2 45. Bf6+ Kg8 46. Be7 Rc2 47. h4
Rf2 48. Kc6 Rc2+ 49. Bc5 Nd7 50. Kxd7 Rxc5 51. d6 Ra5 52. e6 1-0

[Event "XXI Festival A"]
[Site "Porto San Giorgio ITA"]
[Date "2009.08.23"]
[Round "3"]
[White "Nemeth, Miklos"]
[Black "Calavalle, Giulio"]
[Result "1-0"]
[WhiteElo "2486"]
[BlackElo "2228"]
[PlyCount "83"]
[EventDate "2009.08.21"]

1. e4 c5 2. Nf3 Nc6 3. d4 cxd4 4. Nxd4 e5 5. Nb5 a6 6. Nd6+ Bxd6 7. Qxd6 Qf6 8.
Qc7 Nge7 9. Nc3 Nb4 10. Bd3 d5 11. O-O Nxd3 12. cxd3 d4 13. Na4 Qc6 14. Qxc6+
Nxc6 15. Nb6 Rb8 16. Bd2 O-O 17. b4 f5 18. f3 fxe4 19. fxe4 Bg4 20. a4 Be2 21.
Rxf8+ Rxf8 22. b5 Na7 23. bxa6 bxa6 24. Nd7 Re8 25. Nc5 Rc8 26. Rc1 Rc6 27. Be1
Bd1 28. Rxd1 Rxc5 29. Rb1 Nc6 30. Rb7 a5 31. Rc7 Kf8 32. Kf1 Ke8 33. Rxg7 Rc2
34. Rc7 Rc5 35. Rxh7 Rc1 36. Ke2 Ra1 37. Rc7 Ra2+ 38. Bd2 Nb4 39. h4 Rxa4 40.
h5 Kf8 41. h6 Ra1 42. Rc8+ 1-0

[Event "XXI Festival A"]
[Site "Porto San Giorgio ITA"]
[Date "2009.08.23"]
[Round "3"]
[White "Parenti, Davide"]
[Black "Voiska, Margarita"]
[Result "0-1"]
[WhiteElo "2037"]
[BlackElo "2332"]
[PlyCount "50"]
[EventDate "2009.08.21"]

1. d4 Nf6 2. Nf3 e6 3. c4 a6 4. e3 c5 5. Nc3 d5 6. b3 cxd4 7. exd4 Ne4 8. Bd2
Nxd2 9. Qxd2 Bb4 10. a3 Qa5 11. Rc1 Qxa3 12. cxd5 exd5 13. Bd3 Be6 14. O-O Qa5
15. Ng5 Nd7 16. Bxh7 Nf8 17. Qd3 Nxh7 18. Nxh7 Qd8 19. Rfe1 Qh4 20. Rxe6+ fxe6
21. Qg6+ Kd8 22. Nxd5 Rxh7 23. Nxb4 Qxh2+ 24. Kf1 Qh1+ 25. Ke2 Qh5+ 0-1

[Event "XXI Festival A"]
[Site "Porto San Giorgio ITA"]
[Date "2009.08.23"]
[Round "3"]
[White "Passerotti, Pierluigi"]
[Black "Maksimovic, Miodrag"]
[Result "1-0"]
[WhiteElo "2302"]
[BlackElo "2041"]
[PlyCount "59"]
[EventDate "2009.08.21"]

1. d4 c5 2. c4 Nf6 3. Nf3 g6 4. Nc3 cxd4 5. Nxd4 Bg7 6. e4 d6 7. Be2 O-O 8. O-O
Nc6 9. Be3 Bd7 10. Qd2 Rc8 11. f3 a6 12. Rfd1 Re8 13. Nxc6 Rxc6 14. Rac1 Be6
15. Nd5 Nd7 16. b4 Ne5 17. c5 Bxd5 18. exd5 Rc8 19. c6 bxc6 20. Bxa6 Ra8 21.
Bb7 Ra3 22. dxc6 Qc7 23. b5 d5 24. b6 Qb8 25. Qxd5 e6 26. Qd2 Nd3 27. Qxd3 Rxd3
28. Rxd3 Be5 29. c7 Qxb7 30. Rd8 1-0

[Event "XXI Festival A"]
[Site "Porto San Giorgio ITA"]
[Date "2009.08.23"]
[Round "3"]
[White "Peredy, Ferenc"]
[Black "Parrini, Daniele"]
[Result "1-0"]
[WhiteElo "2277"]
[BlackElo "2036"]
[PlyCount "59"]
[EventDate "2009.08.21"]

1. e4 d6 2. d4 Nf6 3. Nc3 g6 4. f3 c6 5. Be3 Nbd7 6. Qd2 b5 7. g4 Nb6 8. b3 Bb7
9. h4 h5 10. g5 Nfd7 11. Bg2 Bg7 12. a4 b4 13. Nce2 a5 14. Rd1 O-O 15. f4 c5
16. d5 f5 17. gxf6 Nxf6 18. Nh3 Ng4 19. Ng5 Bc8 20. O-O Bf6 21. Kh1 Nxe3 22.
Qxe3 Bg4 23. Bh3 Bxg5 24. Bxg4 Bxh4 25. Be6+ Kh7 26. Qh3 Bf6 27. f5 Be5 28.
fxg6+ Kxg6 29. Bf5+ Kh6 30. Qe3+ 1-0

[Event "XXI Festival A"]
[Site "Porto San Giorgio ITA"]
[Date "2009.08.23"]
[Round "3"]
[White "Piscitelli, Vito"]
[Black "Fierro Baquero, Martha Lorena"]
[Result "0-1"]
[WhiteElo "2067"]
[BlackElo "2394"]
[PlyCount "44"]
[EventDate "2009.08.21"]

1. e4 c5 2. Nc3 Nc6 3. f4 g6 4. Nf3 Bg7 5. Bc4 e6 6. O-O Nge7 7. e5 d5 8. exd6
Qxd6 9. Ne4 Qd8 10. d3 O-O 11. a3 b6 12. Qe1 Nf5 13. g4 Nfd4 14. c3 Nc2 15. Qf2
Nxa1 16. f5 exf5 17. Bg5 Qc7 18. Nf6+ Bxf6 19. Bxf6 Qf4 20. Bg5 Qxg4+ 21. Kh1
Bb7 22. Bf6 Na5 0-1

[Event "XXI Festival A"]
[Site "Porto San Giorgio ITA"]
[Date "2009.08.23"]
[Round "3"]
[White "Piva, Giorgio"]
[Black "Jones, Gawain C.B."]
[Result "1/2-1/2"]
[WhiteElo "2159"]
[BlackElo "2554"]
[PlyCount "174"]
[EventDate "2009.08.21"]

1. d4 Nf6 2. Bf4 g6 3. e3 Bg7 4. Be2 d6 5. Nf3 Nh5 6. Bg5 h6 7. Bh4 g5 8. Nfd2
Nf4 9. exf4 gxh4 10. c3 c5 11. d5 Nd7 12. a4 a6 13. Na3 Nf6 14. Bf3 Bd7 15.
Nac4 b5 16. axb5 axb5 17. Ne3 O-O 18. O-O Rxa1 19. Qxa1 Qa8 20. Qb1 Qa4 21. g3
hxg3 22. hxg3 Ra8 23. Nf5 Bf8 24. Re1 Qa2 25. Ne3 Qxb1 26. Rxb1 Ra2 27. Nb3 Bg7
28. Nc1 Ra6 29. Nb3 Ne8 30. Ra1 Nc7 31. Rxa6 Nxa6 32. Na5 c4 33. Nc6 Kf8 34.
Nd4 Nc5 35. Be2 Na4 36. Nd1 Bxd4 37. cxd4 Bf5 38. Kf1 Bc2 39. Nc3 Nxc3 40. bxc3
Be4 41. Ke1 Ke8 42. Kd2 Kd8 43. Kc1 Kc7 44. Kb2 Kb6 45. Ka3 Ka5 46. Bg4 Bxd5
47. Bd7 Bf3 48. Be8 Bh5 49. Bd7 Bd1 50. Be8 f6 51. Bd7 Bh5 52. Bc6 Kb6 53. Bd7
Bf3 54. Kb4 Bc6 55. Be6 d5 56. Bc8 Kc7 57. Ba6 Kb6 58. Bc8 Be8 59. Be6 Kc6 60.
Bc8 Kd6 61. f5 Kc7 62. Be6 Kc6 63. Bc8 Bh5 64. Be6 Be8 65. Bc8 Bf7 66. Ba6 Kd6
67. Bxb5 e5 68. fxe6 Bxe6 69. Be8 Bf5 70. Bf7 Be4 71. Bg8 Bg6 72. Kb5 Be4 73.
Kb6 Bf3 74. Kb5 f5 75. Kb6 f4 76. Kb5 Be4 77. Kb6 Bg6 78. Kb5 Be8+ 79. Kb6 Bh5
80. Kb5 Bg6 81. Kb6 Be8 82. Kb7 Bc6+ 83. Kb6 Bd7 84. Bf7 Bg4 85. Kb5 h5 86. Kb6
Bf3 87. Bg8 fxg3 1/2-1/2

[Event "XXI Festival A"]
[Site "Porto San Giorgio ITA"]
[Date "2009.08.23"]
[Round "3"]
[White "Rago, Riccardo"]
[Black "Ranieri, Fabrizio"]
[Result "1/2-1/2"]
[WhiteElo "2088"]
[BlackElo "2264"]
[PlyCount "44"]
[EventDate "2009.08.21"]

1. e4 e6 2. d4 d5 3. Nc3 Nf6 4. Bg5 Bb4 5. exd5 exd5 6. Qf3 Be6 7. Bxf6 Qxf6 8.
Qxf6 gxf6 9. Nge2 c6 10. g3 Nd7 11. Bg2 O-O-O 12. O-O-O Rde8 13. Nf4 Bd6 14.
Nce2 Re7 15. f3 Rhe8 16. Nd3 Bf5 17. Nef4 h6 18. Rhf1 Kc7 19. Rf2 Re3 20. Bf1
R3e7 21. Bg2 Re3 22. Bf1 R3e7 1/2-1/2

[Event "XXI Festival A"]
[Site "Porto San Giorgio ITA"]
[Date "2009.08.23"]
[Round "3"]
[White "Ruggeri, Pietro"]
[Black "Jovanic, Ognjen"]
[Result "0-1"]
[WhiteElo "2097"]
[BlackElo "2541"]
[PlyCount "48"]
[EventDate "2009.08.21"]

1. e4 c5 2. Nf3 e6 3. c4 Nc6 4. d4 cxd4 5. Nxd4 Nf6 6. Nc3 Bb4 7. f3 O-O 8. Be3
d5 9. Nxc6 bxc6 10. cxd5 exd5 11. Qb3 Rb8 12. Bc5 Bxc5 13. Qxb8 dxe4 14. Rd1
Qa5 15. Bc4 exf3 16. gxf3 Re8+ 17. Be2 Ba6 18. Qxe8+ Nxe8 19. Bxa6 Qxa6 20. Rd8
Kf8 21. Kd2 Qb6 22. Rxe8+ Kxe8 23. Re1+ Kf8 24. Kc2 Bb4 0-1

[Event "XXI Festival A"]
[Site "Porto San Giorgio ITA"]
[Date "2009.08.23"]
[Round "3"]
[White "Vuelban, Virgilio"]
[Black "Pienabarca, Nicola"]
[Result "1-0"]
[WhiteElo "2404"]
[BlackElo "2081"]
[PlyCount "62"]
[EventDate "2009.08.21"]

1. c4 e5 2. g3 Nf6 3. Bg2 d5 4. cxd5 Nxd5 5. Nc3 Nb6 6. Nf3 Nc6 7. O-O Be7 8.
b3 O-O 9. Bb2 f6 10. Rc1 Bf5 11. d3 Kh8 12. Nd2 Be6 13. a3 a5 14. Nb5 Bd5 15.
Bxd5 Nxd5 16. Ne4 Nd4 17. Bxd4 exd4 18. a4 f5 19. Nc5 Nc3 20. Rxc3 dxc3 21. Ne6
Qd7 22. Nxf8 Rxf8 23. Nxc3 Bb4 24. Na2 Be7 25. Qc2 Rf6 26. Rc1 Rc6 27. Qd2 Rh6
28. Qxa5 Bd8 29. Rc4 Re6 30. Qxf5 Qd6 31. Rd4 Qe7 1-0

[Event "XXI Festival A"]
[Site "Porto San Giorgio ITA"]
[Date "2009.08.24"]
[Round "4"]
[White "Borgiani, Flavio"]
[Black "Gordon, Stephen J."]
[Result "0-1"]
[WhiteElo "2185"]
[BlackElo "2537"]
[PlyCount "50"]
[EventDate "2009.08.21"]

1. c4 Nf6 2. Nc3 e5 3. Nf3 Nc6 4. e3 Bb4 5. Qc2 d6 6. Nd5 a5 7. a3 Bc5 8. b3
Bg4 9. Bb2 Ba7 10. Rc1 Be6 11. Nxf6+ Qxf6 12. Bd3 g5 13. Be4 g4 14. Ng1 Ne7 15.
Bxb7 Rb8 16. Be4 Qg7 17. g3 h5 18. h4 gxh3 19. Nxh3 h4 20. gxh4 Bxh3 21. Rxh3
Qg1+ 22. Ke2 Qg4+ 23. Rf3 Rh5 24. Bd3 f5 25. e4 Ng6 0-1

[Event "XXI Festival A"]
[Site "Porto San Giorgio ITA"]
[Date "2009.08.24"]
[Round "4"]
[White "Calandri, Fausto"]
[Black "Maiorov, Nikita"]
[Result "0-1"]
[WhiteElo "2131"]
[BlackElo "2513"]
[PlyCount "66"]
[EventDate "2009.08.21"]

1. e4 e5 2. Nf3 Nc6 3. d4 exd4 4. Nxd4 Bc5 5. Nxc6 Qf6 6. Qd2 dxc6 7. Nc3 Bd4
8. Bd3 Ne7 9. O-O Ng6 10. Kh1 Ne5 11. Qf4 Qxf4 12. Bxf4 Be6 13. Ne2 Nxd3 14.
cxd3 Bb6 15. Be5 f6 16. Bd4 O-O-O 17. Bxb6 axb6 18. Nc1 Rd4 19. b3 Rhd8 20. Rb1
c5 21. Rb2 b5 22. Kg1 c4 23. dxc4 bxc4 24. f3 Rd2 25. Rxd2 Rxd2 26. Rf2 c3 27.
g4 b5 28. Kg2 b4 29. h3 c5 30. f4 c4 31. bxc4 Bxc4 32. Kf3 Rd1 33. Rc2 Rd2 0-1

[Event "XXI Festival A"]
[Site "Porto San Giorgio ITA"]
[Date "2009.08.24"]
[Round "4"]
[White "Calavalle, Giulio"]
[Black "Cerquitella, Luca"]
[Result "1/2-1/2"]
[WhiteElo "2228"]
[BlackElo "2261"]
[PlyCount "31"]
[EventDate "2009.08.21"]

1. e4 Nc6 2. Nc3 e6 3. Bc4 Bb4 4. a3 Ba5 5. b4 Bb6 6. Nf3 Nge7 7. d3 d5 8. Ba2
O-O 9. O-O Nd4 10. Nd2 c6 11. Bb2 e5 12. Kh1 dxe4 13. Ncxe4 Ng6 14. Nc4 Bc7 15.
Ne3 Kh8 16. c3 1/2-1/2

[Event "XXI Festival A"]
[Site "Porto San Giorgio ITA"]
[Date "2009.08.24"]
[Round "4"]
[White "Calzetta Ruiz, Monica"]
[Black "Kovchan, Alexander"]
[Result "0-1"]
[WhiteElo "2344"]
[BlackElo "2554"]
[PlyCount "190"]
[EventDate "2009.08.21"]

1. e4 c6 2. d4 d5 3. Nd2 dxe4 4. Nxe4 Bf5 5. Ng3 Bg6 6. h4 h6 7. Nf3 Nd7 8. h5
Bh7 9. Bd3 Bxd3 10. Qxd3 e6 11. Bd2 Ngf6 12. O-O-O Be7 13. Ne4 Nxe4 14. Qxe4
Nf6 15. Qe2 Qd5 16. c4 Qe4 17. Qxe4 Nxe4 18. Be3 f5 19. g3 Bg5 20. Rh2 Bxe3+
21. fxe3 O-O 22. Rg1 Nf6 23. Ne5 Ng4 24. Nxg4 fxg4 25. Rh4 Rf5 26. Rgh1 Rg5 27.
Rf1 e5 28. Kc2 Rf8 29. Rxf8+ Kxf8 30. Kd3 exd4 31. exd4 Rf5 32. Rxg4 Rxh5 33.
a4 Rh2 34. b3 Rb2 35. Rf4+ Ke7 36. Kc3 Rg2 37. Rf3 Rg1 38. Kd3 a5 39. Ke4 Ke6
40. Re3 Rd1 41. Re2 h5 42. Kf4+ Kf6 43. Ke4 Ke6 44. Kf4+ Kd6 45. Ke4 g6 46. Re3
Rf1 47. Kd3 g5 48. Ke2 Rf6 49. Kd3 h4 50. gxh4 gxh4 51. c5+ Kd7 52. Rh3 Rf4 53.
Kc4 Ke6 54. b4 axb4 55. Rb3 Rf7 56. Rh3 Rh7 57. Kxb4 Kd5 58. Kc3 Ke4 59. Kc4
Kf4 60. d5 Kg4 61. Rh1 h3 62. d6 Kg3 63. Kb4 Rh5 64. Rd1 h2 65. d7 Rh8 66. Ka5
Rd8 67. Kb6 Rxd7 68. Rxd7 h1=Q 69. Kxb7 Qe4 70. Rd6 Qxa4 71. Rxc6 Qb5+ 72. Kc7
Kf4 73. Kd6 Ke4 74. Rb6 Qe8 75. Rb4+ Kf5 76. Rb6 Qd8+ 77. Kc6 Ke5 78. Kb5 Qd3+
79. Kb4 Qb1+ 80. Kc4 Qa2+ 81. Kb4 Qd2+ 82. Kc4 Qd7 83. Kb4 Qd2+ 84. Kc4 Qa5 85.
Rb3 Qa4+ 86. Rb4 Qc2+ 87. Kb5 Kd5 88. Ka5 Kxc5 89. Rb5+ Kc4 90. Rb4+ Kc3 91.
Rb6 Qf5+ 92. Ka6 Qd7 93. Ka5 Kc4 94. Rc6+ Kd5 95. Rb6 Ke5 0-1

[Event "XXI Festival A"]
[Site "Porto San Giorgio ITA"]
[Date "2009.08.24"]
[Round "4"]
[White "Caprio, Guido"]
[Black "Nemeth, Miklos"]
[Result "0-1"]
[WhiteElo "2212"]
[BlackElo "2486"]
[PlyCount "84"]
[EventDate "2009.08.21"]

1. e4 c5 2. Nf3 d6 3. d4 cxd4 4. Nxd4 Nf6 5. Nc3 Nc6 6. Bc4 e6 7. Be3 Na5 8.
Bd3 a6 9. Qe2 Qc7 10. O-O-O Be7 11. g4 b5 12. g5 Nd7 13. f4 b4 14. Nb1 Nc5 15.
Nd2 Bb7 16. Kb1 Rc8 17. Rc1 O-O 18. h4 d5 19. e5 Nc4 20. Rcg1 Nxd3 21. Qxd3 a5
22. h5 Nxe3 23. Qxe3 Qb6 24. g6 h6 25. gxf7+ Rxf7 26. Rg6 Bc5 27. N2b3 Bxd4 28.
Nxd4 Rc4 29. Rd1 Bc8 30. f5 Rxd4 31. Rxd4 Rxf5 32. b3 Rf7 33. Qg1 Qb5 34. Kb2
Qe2 35. Qg3 Rc7 36. Qd3 Qxe5 37. Rgg4 Qxh5 38. Qb5 Qf5 39. Rg2 Qf6 40. Rgg4 e5
41. Qxd5+ Kh7 42. Rxg7+ Rxg7 0-1

[Event "XXI Festival A"]
[Site "Porto San Giorgio ITA"]
[Date "2009.08.24"]
[Round "4"]
[White "Curtacci, Sergio"]
[Black "Peredy, Ferenc"]
[Result "0-1"]
[WhiteElo "1952"]
[BlackElo "2277"]
[PlyCount "78"]
[EventDate "2009.08.21"]

1. d4 d5 2. Nf3 Nf6 3. e3 g6 4. Nbd2 Bg7 5. b3 c5 6. Bb2 Ne4 7. c3 Qa5 8. Qc2
Bf5 9. Bd3 cxd4 10. Nxd4 e5 11. Nxf5 gxf5 12. O-O Nc6 13. b4 Qb6 14. Bxe4 dxe4
15. Nc4 Qc7 16. Rfd1 O-O 17. Qe2 Rfd8 18. a4 Ne7 19. Na3 a6 20. Rxd8+ Rxd8 21.
Rd1 Rd7 22. Nb1 f4 23. Rf1 f5 24. Qh5 Qd6 25. h3 Rd8 26. b5 Qe6 27. Rd1 Rd3 28.
Qe8+ Bf8 29. Re1 fxe3 30. fxe3 f4 31. Ba3 Kg7 32. Bc5 axb5 33. axb5 b6 34. Bb4
f3 35. gxf3 exf3 36. Kf2 Qa2+ 37. Kxf3 e4+ 38. Kf4 Qf2+ 39. Kg4 Qf3+ 0-1

[Event "XXI Festival A"]
[Site "Porto San Giorgio ITA"]
[Date "2009.08.24"]
[Round "4"]
[White "Epishin, Vladimir V."]
[Black "Borgo, Giulio"]
[Result "1-0"]
[WhiteElo "2592"]
[BlackElo "2433"]
[PlyCount "113"]
[EventDate "2009.08.21"]

1. c4 b6 2. Nc3 e6 3. e4 c5 4. Nge2 Bb7 5. g3 d6 6. Bg2 Nd7 7. O-O Be7 8. f4
Qc7 9. d3 Ngf6 10. h3 h5 11. a4 a6 12. Bd2 Nb8 13. f5 exf5 14. Rxf5 Nc6 15. a5
bxa5 16. Nd5 Nxd5 17. cxd5 Ne5 18. Bxa5 Qd7 19. Bc3 g6 20. Rf2 h4 21. g4 Bg5
22. Kh1 O-O 23. Ng1 f6 24. Nf3 Bf4 25. d4 Nxf3 26. dxc5 dxc5 27. Rxf3 Qd6 28.
Qb3 Rab8 29. Raf1 Be5 30. Bxe5 Qxe5 31. Qe3 Kg7 32. Qxc5 Rf7 33. Qc3 Re8 34.
Qxe5 Rxe5 35. Rb3 Kh6 36. Rb6 Kg5 37. Kg1 f5 38. gxf5 gxf5 39. Re6 Rxe6 40.
dxe6 Rg7 41. Rxf5+ Kg6 42. Rf4 Rc7 43. e5 Bxg2 44. Kxg2 Rc5 45. Kf3 Rxe5 46.
Re4 Rf5+ 47. Kg4 Rf8 48. e7 Re8 49. b4 Kf7 50. Kf5 Rxe7 51. Rxe7+ Kxe7 52. Kg5
Ke6 53. Kxh4 Kf5 54. Kg3 Kg5 55. Kf3 Kh4 56. Ke4 Kxh3 57. Kd5 1-0

[Event "XXI Festival A"]
[Site "Porto San Giorgio ITA"]
[Date "2009.08.24"]
[Round "4"]
[White "Estremera Panos, Sergio"]
[Black "Roeder, Matthias"]
[Result "1/2-1/2"]
[WhiteElo "2394"]
[BlackElo "2438"]
[PlyCount "47"]
[EventDate "2009.08.21"]

1. d4 Nf6 2. c4 e6 3. Nc3 Bb4 4. e3 O-O 5. Bd3 d5 6. Nf3 c5 7. O-O Nc6 8. a3
Bxc3 9. bxc3 Qc7 10. Bb2 dxc4 11. Bxc4 e5 12. h3 e4 13. Nd2 Na5 14. Ba2 Bf5 15.
c4 Rad8 16. d5 Qe7 17. f4 exf3 18. Qxf3 Bg6 19. Bb1 b6 20. e4 Nd7 21. Qc3 f6
22. Nf3 Rfe8 23. Bc2 Ne5 24. Nxe5 1/2-1/2

[Event "XXI Festival A"]
[Site "Porto San Giorgio ITA"]
[Date "2009.08.24"]
[Round "4"]
[White "Faccia, Sergio"]
[Black "Altini, Daniele"]
[Result "0-1"]
[WhiteElo "2023"]
[BlackElo "2236"]
[PlyCount "84"]
[EventDate "2009.08.21"]

1. e4 c5 2. b4 cxb4 3. Bb2 Nf6 4. e5 Nd5 5. Nf3 e6 6. c4 bxc3 7. Nxc3 Nxc3 8.
Bxc3 Nc6 9. d4 d5 10. Bd3 Be7 11. a4 Nb4 12. Bb1 a5 13. h4 h6 14. Rh3 b6 15.
Kf1 Ba6+ 16. Kg1 Qc7 17. Bd2 Rc8 18. Rg3 Kf8 19. h5 Qc4 20. Ra3 Qe2 21. Qxe2
Bxe2 22. Ne1 Nc6 23. Rab3 Bb4 24. Bxb4+ Nxb4 25. Rbc3 Ke7 26. Bc2 Bxh5 27. Bb3
Bg6 28. Bd1 Na2 29. Ra3 Rc1 30. Rxa2 Rxd1 31. Kf1 Rc8 32. Ke2 Rxd4 33. Nf3 Rdc4
34. Nd2 Rb4 35. Raa3 Bh5+ 36. f3 Rb2 37. Rxg7 Bg6 38. Ke3 Kf8 39. Rxg6 fxg6 40.
g3 Rcc2 41. Nf1 Rc1 42. Nd2 Re1+ 0-1

[Event "XXI Festival A"]
[Site "Porto San Giorgio ITA"]
[Date "2009.08.24"]
[Round "4"]
[White "Farago, Ivan"]
[Black "Vezzani, Stefano"]
[Result "1-0"]
[WhiteElo "2511"]
[BlackElo "2170"]
[PlyCount "45"]
[EventDate "2009.08.21"]

1. d4 f5 2. g3 Nf6 3. Bg2 g6 4. Nf3 Bg7 5. O-O O-O 6. c4 d6 7. Nc3 Nc6 8. d5
Ne5 9. Nxe5 dxe5 10. Qb3 Kh8 11. Rd1 h6 12. Bd2 g5 13. Be1 e4 14. c5 a6 15.
Rac1 Qe8 16. d6 exd6 17. cxd6 cxd6 18. Rxd6 Qh5 19. Nd5 Ng4 20. h3 Ne5 21. Rc7
Qxe2 22. Bc3 e3 23. Rxh6+ 1-0

[Event "XXI Festival A"]
[Site "Porto San Giorgio ITA"]
[Date "2009.08.24"]
[Round "4"]
[White "Fedorchuk, Sergey A."]
[Black "Kohlweyer, Bernd"]
[Result "1-0"]
[WhiteElo "2655"]
[BlackElo "2418"]
[PlyCount "67"]
[EventDate "2009.08.21"]

1. e4 c5 2. Nf3 d6 3. d4 cxd4 4. Nxd4 Nf6 5. Nc3 a6 6. h3 e5 7. Nde2 h5 8. g3
Nbd7 9. Bg2 b5 10. O-O Bb7 11. a4 b4 12. Nd5 Nxd5 13. exd5 a5 14. c3 bxc3 15.
Nxc3 Be7 16. Nb5 Ba6 17. Be3 h4 18. Qg4 g6 19. Rfc1 Bxb5 20. axb5 hxg3 21. fxg3
O-O 22. Rc6 Rb8 23. b4 axb4 24. Ra7 Nf6 25. Qxb4 Nh5 26. Rcc7 Bg5 27. Bf2 Qf6
28. Ra3 Ng7 29. h4 Bh6 30. g4 Bf4 31. b6 e4 32. Bxe4 Be5 33. Bf3 Rfe8 34. Kg2
1-0

[Event "XXI Festival A"]
[Site "Porto San Giorgio ITA"]
[Date "2009.08.24"]
[Round "4"]
[White "Fierro Baquero, Martha Lorena"]
[Black "Capone, Vincenzo"]
[Result "1-0"]
[WhiteElo "2394"]
[BlackElo "2133"]
[PlyCount "81"]
[EventDate "2009.08.21"]

1. e4 c5 2. Nf3 d6 3. d4 cxd4 4. Nxd4 Nf6 5. Nc3 Nc6 6. Bc4 e6 7. Be3 Be7 8.
Qe2 O-O 9. O-O-O Bd7 10. Bb3 Nxd4 11. Bxd4 Qa5 12. f4 e5 13. Nd5 Nxd5 14. exd5
f6 15. Kb1 Rae8 16. Bc3 Qc5 17. Rhe1 Bd8 18. Qd2 b5 19. h3 Kh8 20. g4 Bb6 21.
Re2 Qc7 22. Rde1 a5 23. a3 b4 24. axb4 a4 25. Ba2 Bb5 26. Re4 Rc8 27. h4 a3 28.
h5 h6 29. Bb3 Ra8 30. fxe5 fxe5 31. g5 Bf2 32. Rh1 a2+ 33. Ka1 Qf7 34. gxh6 Qf3
35. hxg7+ Kxg7 36. Qg5+ Kh7 37. Qg6+ Kh8 38. Rxe5 Bd4 39. Qh6+ Kg8 40. Rg5+ Kf7
41. Qe6# 1-0

[Event "XXI Festival A"]
[Site "Porto San Giorgio ITA"]
[Date "2009.08.24"]
[Round "4"]
[White "Fiorentini, Paolo"]
[Black "Rago, Riccardo"]
[Result "1-0"]
[WhiteElo "1973"]
[BlackElo "2088"]
[PlyCount "52"]
[EventDate "2009.08.21"]

1. e4 c5 2. Nf3 Nc6 3. d4 cxd4 4. Nxd4 Nf6 5. Nc3 d6 6. f3 e6 7. Be3 Be7 8. Qd2
a6 9. O-O-O Qc7 10. g4 h6 11. h4 Bd7 12. Be2 Nxd4 13. Bxd4 e5 14. Be3 Bc6 15.
g5 hxg5 16. hxg5 Rxh1 17. Rxh1 Nd7 18. Bc4 Bf8 19. Bb3 b5 20. Nd5 Qb8 21. Qa5
Qd8 22. Qd2 Nc5 23. Rh8 Nxb3+ 24. axb3 Bxd5 25. Qxd5 Rc8 26. g6 fxg6 1-0

[Event "XXI Festival A"]
[Site "Porto San Giorgio ITA"]
[Date "2009.08.24"]
[Round "4"]
[White "Gianfelici, Edoardo"]
[Black "Lantini, Marco"]
[Result "1/2-1/2"]
[WhiteElo "2002"]
[BlackElo "2194"]
[PlyCount "44"]
[EventDate "2009.08.21"]

1. d4 Nf6 2. c4 e6 3. Nc3 Bb4 4. f3 O-O 5. e4 Ne8 6. Be3 d5 7. Bd3 c5 8. exd5
exd5 9. cxd5 Nf6 10. Nge2 Nxd5 11. Bf2 cxd4 12. Bxd4 Nc6 13. Bf2 Qg5 14. Qc2 g6
15. O-O Ne3 16. Bxe3 Qxe3+ 17. Kh1 Bd6 18. a3 Nd4 19. Nxd4 Qxd4 20. Nb5 Qc5 21.
Nxd6 Qxd6 22. Rad1 Qb6 1/2-1/2

[Event "XXI Festival A"]
[Site "Porto San Giorgio ITA"]
[Date "2009.08.24"]
[Round "4"]
[White "Jones, Gawain C.B."]
[Black "Mogranzini, Roberto"]
[Result "1-0"]
[WhiteElo "2554"]
[BlackElo "2415"]
[PlyCount "99"]
[EventDate "2009.08.21"]

1. e4 c5 2. Nc3 e6 3. f4 a6 4. Nf3 Nc6 5. d3 d5 6. Be2 Nf6 7. O-O Be7 8. Qe1
Nd4 9. Bd1 dxe4 10. Nxe4 b5 11. c3 Nxf3+ 12. Bxf3 Ra7 13. Be3 Nxe4 14. dxe4 Rd7
15. Qg3 O-O 16. f5 Kh8 17. fxe6 fxe6 18. Bg4 Rd3 19. Be2 Rd7 20. Qe5 Bd6 21.
Qxe6 Re8 22. Qg4 Rde7 23. Qh4 Rxe4 24. Qxd8 Rxd8 25. Rad1 Rxe3 26. Rxd6 Ree8
27. Rfd1 Rxd6 28. Rxd6 g6 29. Kf2 Kg7 30. c4 bxc4 31. Bxc4 Rf8+ 32. Ke3 Rf6 33.
Rd5 Rf5 34. Rd8 Be6 35. g4 Rf6 36. g5 Rf5 37. Bxe6 Re5+ 38. Kd3 Rxe6 39. Rd7+
Kg8 40. b3 Re1 41. Ra7 Rh1 42. Rxa6 Rxh2 43. a4 Rg2 44. Ra8+ Kf7 45. a5 Rxg5
46. a6 Kg7 47. a7 Rd5+ 48. Kc4 Rd7 49. Rg8+ Kxg8 50. a8=Q+ 1-0

[Event "XXI Festival A"]
[Site "Porto San Giorgio ITA"]
[Date "2009.08.24"]
[Round "4"]
[White "Jovanic, Ognjen"]
[Black "Vuelban, Virgilio"]
[Result "1/2-1/2"]
[WhiteElo "2541"]
[BlackElo "2404"]
[PlyCount "103"]
[EventDate "2009.08.21"]

1. d4 Nf6 2. c4 g6 3. Nc3 Bg7 4. Nf3 d6 5. e4 O-O 6. Be2 e5 7. Be3 Ng4 8. Bg5
f6 9. Bh4 Nc6 10. d5 Ne7 11. Nd2 Nh6 12. f3 c5 13. Rb1 Nf7 14. b4 b6 15. bxc5
bxc5 16. O-O g5 17. Bf2 Ng6 18. g3 Kh8 19. Qc2 Rg8 20. Nd1 Ne7 21. Ne3 Bh3 22.
Rfe1 h5 23. Rb7 Bc8 24. Rb3 Nh6 25. Bd3 Qd7 26. Kh1 Rf8 27. Qd1 Qe8 28. Ng2 Bd7
29. Ra3 Qc8 30. Be3 Ng6 31. Bc2 Nf7 32. Ba4 Bxa4 33. Qxa4 Qh3 34. Qc2 Rg8 35.
Rb3 Bh6 36. Rb7 Rg7 37. Qd3 Nf4 38. Qf1 Nxg2 39. Qxg2 Qc8 40. Reb1 Nd8 41. Rxg7
Bxg7 42. f4 g4 43. Qf2 Nf7 44. Kg2 Rb8 45. Rxb8 Qxb8 46. fxe5 Nxe5 47. Qf5 Qb2
48. Qxh5+ Kg8 49. Qe8+ Kh7 50. Qh5+ Kg8 51. Qe8+ Kh7 52. Qh5+ 1/2-1/2

[Event "XXI Festival A"]
[Site "Porto San Giorgio ITA"]
[Date "2009.08.24"]
[Round "4"]
[White "Kizov, Atanas"]
[Black "Baklan, Vladimir"]
[Result "1/2-1/2"]
[WhiteElo "2397"]
[BlackElo "2639"]
[PlyCount "54"]
[EventDate "2009.08.21"]

1. d4 Nf6 2. c4 g6 3. Nc3 Bg7 4. e4 d6 5. h3 O-O 6. Nf3 e5 7. dxe5 dxe5 8. Be3
Qe7 9. a3 Nc6 10. Be2 Rd8 11. Nd5 Nxd5 12. cxd5 Nd4 13. Bc4 c6 14. O-O cxd5 15.
Bxd5 Be6 16. Bxe6 Qxe6 17. Bxd4 exd4 18. Qd3 Rac8 19. Rac1 Qb6 20. Rxc8 Rxc8
21. Rb1 Qc5 22. Rd1 a5 23. g3 a4 24. Kg2 b5 25. e5 Bxe5 26. Nxe5 Qxe5 27. Qxd4
Qxd4 1/2-1/2

[Event "XXI Festival A"]
[Site "Porto San Giorgio ITA"]
[Date "2009.08.24"]
[Round "4"]
[White "Lalic, Bogdan"]
[Black "Castaldo, Folco"]
[Result "1-0"]
[WhiteElo "2517"]
[BlackElo "2401"]
[PlyCount "107"]
[EventDate "2009.08.21"]

1. Nf3 f5 2. d4 e6 3. g3 Nf6 4. Bg2 Be7 5. c4 O-O 6. O-O d6 7. Nc3 Ne4 8. Nxe4
fxe4 9. Nd2 d5 10. f3 exf3 11. Nxf3 c6 12. Qd3 Na6 13. e4 Nc7 14. Bf4 Bd7 15.
Rac1 Rc8 16. Ne5 Bf6 17. Qb3 dxc4 18. Qxc4 Be8 19. Kh1 Qe7 20. Ng4 Bh5 21.
Nxf6+ Rxf6 22. Rfe1 Rf7 23. d5 e5 24. Be3 Ne8 25. Qa4 Nf6 26. dxc6 bxc6 27.
Rxc6 Rxc6 28. Qxc6 Ng4 29. Bc5 Qd8 30. Qd5 Qe8 31. Bxa7 h6 32. h3 Nf6 33. Qc4
Qd7 34. Bg1 Qd2 35. Qc3 Qd6 36. b4 Rc7 37. Qb2 Kh7 38. Bc5 Qe6 39. a4 Rd7 40.
Qc2 Rc7 41. a5 Bg6 42. Re3 Qc8 43. Qf2 Rf7 44. Qe2 Nd7 45. Rc3 Nf6 46. a6 Kh8
47. Kh2 Rc7 48. Ra3 Qa8 49. a7 Rc8 50. Qa6 Re8 51. b5 Bxe4 52. Bxe4 Nxe4 53.
Qc6 Nxc5 54. Qxe8+ 1-0